000 00732nam a2200205 a 4500
001 000037583
005 20200930080444.0
008 120501s1981 sp 001 0 spa d
020 _a8400049705
082 _axxxx
_bxxxx
_cMora Merida, José Luis
245 0 0 _aParaguay y Uruguay contemporáneos /
_cJosé Luis Mora Merida.
260 _aSevilla :
_bConsejo Superior de Investigaciones Científicas,
_c1981.
300 _a318 p. :
_bil., mapa ;
_c21 cm.
490 1 _aPublicacón de la Escuela de Estudios Hipanoamericanos
_v271
490 1 _aMar adentro
_v17
500 _aIncluye índice
830 0 _aPublicacón de la Escuela de Estudios Hipanoamericanos
_v271
_964051
830 0 _aMar adentro 17
_964052
999 _c37073
_d37073
040 _aDO-SdBNP